01015cam a22002655a 45000010009000000050017000090080041000260200018000670400033000850820020001181000030001382450098001682600069002663000035003355040051003706500029004216500037004506500030004876510010005176530025005277000029005529420008005819990017005899520143006061756674120161122123243.0121218t2013 maua frb 001 0 eng d a9780123944368 aDLCbengcDLCdDLCdEG-ScBUE04a658.47222bSMI1 aSmith, Clifton L.,d1942-10aSecurity science :bthe theory and practice of security /cClifton L. Smith, David J. Brooks. aWaltham ;aOxford :bButterworth-HHeinemann / Elsevier,cc.2013. axvii, 256 p. :bill. ;c25 cm. aIncludes bibliographical references and index. 7aSecurity systems.2BUEsh 7aPrivate security services2BUEsh 7aInternal security.2BUEsh 2BUEsh bCOMSCIcNovember20161 aBrooks, David J.,d1963- 2ddc c23263d23235 00102ddc40708BaccahaMAINbMAINc1STd2016-11-22ePurchaseg560.00h2000088l0o658.47 SMIp000034986r2025-07-15 00:00:00v700.00yBB